|
|
|
|
| LEADER |
00000cam a2200000 a 4500 |
| 005 |
20110915112651.0 |
| 008 |
091215m2011 cl 000 0 spa |
| 020 |
|
|
|a 978-956-10-1757-3
|
| 035 |
|
|
|a 5742
|
| 040 |
|
|
|a vLex
|
| 043 |
|
|
|a s-cl---
|
| 090 |
|
|
|c 2463
|d 2463
|
| 100 |
1 |
|
|a Casarino Viterbo, Mario.
|
| 245 |
1 |
0 |
|a Manual de derecho procesal
|h [Recurso electrn̤ico] :
|b derecho procesal orgǹico /
|c Mario Casarino Viterbo.
|p Tomo I
|
| 256 |
|
|
|a Servicio en ln̕ea.
|
| 260 |
|
|
|a Santiago, Chile :
|b Editorial jurd̕ica de Chile,
|c 2011.
|
| 300 |
|
|
|a 6 v. ;
|c 25 cm.
|
| 490 |
0 |
|
|a Coleccin̤ Manuales jurd̕icos ;
|v no 25
|
| 506 |
1 |
|
|a Contenido solo disponible en los productos indicados
|d vLex Global
|d vLex Global (Academic Edition, excluding Law Schools)
|d vLex Global (U.S. Academic Edition, Law Schools)
|d vLex Global (U.S. Academic Edition, excluding Law Schools)
|d vLex Global (Academic Edition, Law Schools)
|
| 650 |
|
0 |
|a Procedure (Law)
|z Chile.
|
| 740 |
0 |
|
|a vLex Libros (Servicio en ln̕ea)
|
| 856 |
4 |
0 |
|u http://vlex.com/source/manual-derecho-procesal-derecho-procesal-civil-tomo-i-5742
|z Acceso restringido
|
| 942 |
|
|
|c BOOK
|